000
00201 a2200097 4500
001
2276
100
_a
Smith,GG
245
_a
Gas Turbine & Jet Propulsion
260
_a
_b
Iliffe
_c
090
_c
1649
_d
1649
942
_a
NUST-CAE
_c
M
_c
7213
999
_c
237349
_d
237349